|
|
|
|
| LEADER |
01561nam a22002777a 4500 |
| 001 |
4487 |
| 003 |
BD-DhAAL |
| 005 |
20221220162228.0 |
| 008 |
141118t19111999ii ||| | |||| 001 1 ben |
| 999 |
|
|
|c 33059
|d 33059
|
| 020 |
|
|
|a 9848119167
|
| 040 |
|
|
|a BD-DhAAL
|c BD-DhAAL
|
| 041 |
|
|
|a ben
|
| 082 |
|
|
|2 22
|a 891.4437
|
| 100 |
|
|
|a ঠাকুর, রবীন্দ্রনাথ
|9 2543
|
| 245 |
|
|
|a রবীন্দ্র-রচনাবলী,
|n প্রথম খন্ড /
|c রবীন্দ্রনাথ ঠাকুর.
|
| 246 |
|
|
|a প্রথম সংস্করণ
|
| 260 |
|
|
|a কলিকাতা ;
|a ঢাকা :
|b বিশ্বভারতী ;
|b জয় বুকস ইন্টারন্যাশনাল,
|c ১৯১১,
|c ১৯৯৯.
|
| 300 |
|
|
|a ৬৪৫ পৃষ্ঠা :
|c ২২ সে.মি.,
|a ৯৮১ পৃষ্ঠা ;
|c ২৪ সে.মি.
|
| 500 |
|
|
|a নিঘন্ট অন্তর্ভূক্ত।
|
| 541 |
|
|
|a Donated by Akbar Ali Khan
|e 4487, 40254
|
| 600 |
|
|
|a Tagore, Rabindranath,
|x Fiction.
|y 1861-1941
|9 2544
|
| 600 |
|
|
|a ঠাকুর, রবীন্দ্রনাথ
|x রচনাবলী
|y ১৮৬১-১৯৪১
|9 2545
|
| 942 |
|
|
|2 ddc
|c BK
|
| 952 |
|
|
|0 0
|1 0
|2 ddc
|4 0
|6 891_443700000000000_TAG
|7 0
|9 44082
|a BRACUL
|b BRACUL
|c GEN
|d 2014-11-18
|g 125.00
|l 0
|o 891.4437 TAG
|p 3010004487
|r 2014-11-18
|t 1
|v 125.00
|w 2014-11-18
|y BK
|
| 952 |
|
|
|0 0
|1 0
|2 ddc
|4 0
|6 891_443700000000000_TAG
|7 1
|9 72544
|a BRACUL
|b BRACUL
|c AWC
|d 2022-12-20
|g 290.00
|l 0
|o 891.4437 TAG
|p 3010040254
|r 2022-12-20
|t 2
|v 290.00
|w 2022-12-20
|y BK
|